00808nam a2200193Ia 4500003000900000008004100009020001800050040001600068080002300084111008100107245023200188260003700420300001700457490005100474650001400525650001200539700002600551710003700577IN-BaIIA211028s9999 xx 000 0 eng d a1-4020-0657-8 cIIA Library a52(082.1)bASS-275 aGeneral Assembly of International Astronomical UnioncKyotod1997 Aug. 25-26 0aHistory of oriental astronomybproceedings of the joint discussion-17 at the 23rd general assembly of the International Astronomical Union Kyoto, August 25-26, 1997cedited by R. S. M. Ansari  aDordrechtbKluwer Academicc2002 ajxiii, 282p. aAstrophysics and space science library; v. 275 aAstronomy aHistory aAnsari, R. S. M., ed. aInternational Astronomical Union